000 00727nam a2200229 a 4500
001 000038186
003 DO-SdBNP
005 20260416191046.0
008 130320s2008 dr ac r 000 0 spa d
040 _aDO-SdBNP
_bspa
_cBNPHU
082 _a796.357092
_bM671m
100 1 _aMirabal, Franklin
_959791
245 1 4 _aLos mejores 50 /
_cFranklín Mirabal ; prólogo Mario Álvarez Dúgan.
260 _aSanto Domingo :
_bCorripio,
_c2008.
300 _a149 p. :
_bil., retrs.
590 _aInventariado, 2021 / DG
650 4 _aJugadores de beisbol
_xBiografías
_959792
650 4 _aBeisbol
_zRepública Dominicana
_936893
700 _a Alvarez Dugan, Mario
_d1931-2008
_epról.
_923311
910 _aD/G
942 _2ddc
_cLBS1
999 _c37676
_d37676